| 000 | 00448nam a2200193Ia 4500 | ||
|---|---|---|---|
| 008 | 170918s9999 xx 000 0 und d | ||
| 020 | _a9780545355711 | ||
| 050 | _bS474ca 1986 | ||
| 100 | _aSender, Ruth Minsky | ||
| 245 | 4 | _aThe cage / | |
| 245 | _cby Ruth Minsky Sender. | ||
| 260 | _aNew York : | ||
| 260 | _bScholastic, | ||
| 260 | _c1986 | ||
| 300 | _a264 pages : | ||
| 300 | _billustrations ; | ||
| 300 | _c17cm. | ||
| 500 | _a500 | ||
| 999 |
_c343802 _d343802 |
||